Die Technik und die Kehre

محفوظ في:
التفاصيل البيبلوغرافية
التنسيق: كتاب
اللغة:الألمانية
منشور في: Tubinga Neske 1962
الطبعة:2a. ed
سلاسل:Opuscula aus Wissenchaft und Dichtung, 1
الموضوعات:
الوسوم: إضافة وسم
لا توجد وسوم, كن أول من يضع وسما على هذه التسجيلة!

MARC

LEADER 00000nam a2200000 a 4500
001 UCZ4478
003 CL-VaPUC
008 951110e19620000GW |||||||||||||||||ger|d
082 0 4 |a 142.7  |b HEI  |2 21 
245 1 4 |a Die Technik und die Kehre 
250 |a 2a. ed 
300 |a 47 p 
942 |c BK 
945 |d 19951110 00:00:00  |a cmena 
260 |a Tubinga  |b Neske  |c 1962 
650 0 |a Existencialismo  |9 265698 
650 0 |a Escuelas filosóficas   |9 266232 
650 0 |a Filosofía alemana   |9 265002 
583 |a last modification  |c 19951110 00:00:00  |k Rodrigo Vera 
490 0 |a Opuscula aus Wissenchaft und Dichtung, 1 
999 |c 240854  |d 240852 
952 |0 0  |1 0  |4 0  |6 142_700000000000000_HEI_1962  |7 0  |8 P  |9 252901  |a BIBEDU  |b BIBEDU  |c BIBEDU_PB  |d 2019-11-19  |i 1598163  |o 142.7 HEI 1962  |p 1598163  |r 2024-01-25  |w 2019-11-19  |y BK  |k FIL